Syntéza derivátov 2H-1-benzopyrán-2-ónu : Obh. 26.5.1998 /

Salvato in:
Dettagli Bibliografici
Autore principale: Kováč, Martin (Autore)
Natura: Manoscritto Libro
Lingua:slovacco
Pubblicazione: Bratislava : STU v Bratislave ChtF, 1998
Tags: Aggiungi Tag
Nessun Tag, puoi essere il primo ad aggiungerne!!

MARC

LEADER 00000ntm a22000003a 4500
001 stu33706
005 20150617225733.3
008 980909s1998----xo------------------slo-d
040 |a STU  |b slo 
041 0 |a slo 
044 |a xo 
100 1 |a Kováč, Martin  |4 aut 
245 1 |a Syntéza derivátov 2H-1-benzopyrán-2-ónu :  |b Obh. 26.5.1998 /  |c [aut.]Kováč,Martin 
260 |a Bratislava :  |b STU v Bratislave ChtF,  |c 1998 
300 |a 73 s :  |b Tab.,lit 
500 |a Zameranie: Chémia 
996 |b CD12460  |c C*D12460  |l CCI  |s A  |a 24  |w stu33706_0001